000 00436nam a2200193Ia 4500
005 20240823034810.0
008 240823s9999||||xx |||||||||||||| ||und||
020 _a978-0-330-33265-1
041 _aENGLISH
082 _A823.914 N3
100 _aKen Follett
245 2 _aA Dangerous Fortune
250 _a1st
260 _c1993
_b"Pan Books,L"
500 _aYES
650 _aFortune
_bGeneral
942 _cBK
999 _c199152
_d199152